Directors by Picture #4 - Statistics

General Stats
  • This quiz has been taken 80 times
  • The average score is 7 of 16
Answer Stats
Picture Answer % Correct
George Lucas
96%
Guillermo del Toro
82%
Kevin Costner
77%
Francis Ford Coppola
73%
Jon Favreau
61%
Edgar Wright
52%
Alfonso Cuarón
45%
Oliver Stone
45%
John Carpenter
42%
John Singleton
30%
Joel Schumacher
20%
Barry Jenkins
18%
Sergio Leone
17%
Colin Trevorrow
15%
Jonathan Demme
15%
Michel Gondry
14%
No matching quizzes found
Score Distribution
Percent of People with Each Score
Percentile by Number Answered
Your Score History
You have not taken this quiz